书目信息 |
| 题名: |
理学家张栻的教育生活研究
|
|
| 作者: | 张建东 著 | |
| 分册: | ||
| 出版信息: | 太原 山西人民出版社 2020.04 |
|
| 页数: | 266页 | |
| 开本: | 26cm | |
| 丛书名: | 教育薪火书系 | |
| 单 册: | ||
| 中图分类: | G40-092.441 | |
| 科图分类: | ||
| 主题词: | ||
| 电子资源: | ||
| ISBN: | 978-7-203-11239-6 | |
| 000 | 00988oam2 2200253 450 | |
| 001 | 0108153902 | |
| 005 | 20210308154401.0 | |
| 010 | @a978-7-203-11239-6@dCNY78.00 | |
| 100 | @a20200816d2020 em y0chiy50 ea | |
| 101 | 0 | @achi |
| 102 | @aCN@b140000 | |
| 105 | @ay z 000yy | |
| 106 | @ar | |
| 200 | 1 | @a理学家张栻的教育生活研究@Ali xue jia zhang shi de jiao yu sheng huo yan jiu@f张建东著 |
| 210 | @a太原@c山西人民出版社@d2020.04 | |
| 215 | @a266页@d26cm | |
| 225 | 2 | @a教育薪火书系@h第一辑 |
| 330 | @a本书主要记述的是北宋理学家张拭的教育理念及其生活的研究。书稿顺应当前学界“视野下移”的学术方向,从张拭的日常教育切入,以其“传道”“济民”等活动和事迹为中心,借鉴社会史、生活史等领域的相关理论与方法,用叙事的手法增强了本书的可读性。 | |
| 461 | 0 | @12001 @a教育薪火书系 |
| 600 | 0 | @a张栻@f(1133-1180)@x教育思想@x研究 |
| 690 | @aG40-092.441@v5 | |
| 701 | 0 | @a张建东@Azhang jian dong@4著@f(1975-) |
| 801 | 0 | @aCN@bBJSZM@c20210308 |
| 905 | @b1271298-300@dG40-092.441@e1099@f3 | |
| 理学家张栻的教育生活研究/张建东著.-太原:山西人民出版社,2020.04 |
| 266页;26cm.-(教育薪火书系.第一辑) |
| ISBN 978-7-203-11239-6:CNY78.00 |
| 本书主要记述的是北宋理学家张拭的教育理念及其生活的研究。书稿顺应当前学界“视野下移”的学术方向,从张拭的日常教育切入,以其“传道”“济民”等活动和事迹为中心,借鉴社会史、生活史等领域的相关理论与方法,用叙事的手法增强了本书的可读性。 |
| ● |
| 相关链接 |
|
|
|
|
正题名:理学家张栻的教育生活研究
索取号:G40-092.441/1099
 
预约/预借
| 序号 | 登录号 | 条形码 | 馆藏地/架位号 | 状态 | 备注 |
| 1 | 1271298 | 212712983 | 教育系资料室/ [索取号:G40-092.441/1099] | 在馆 | |
| 2 | 1271299 | 212712992 | 第四借阅区/ [索取号:G40-092.441/1099] | 在馆 | |
| 3 | 1271300 | 212713009 | 第四借阅区/ [索取号:G40-092.441/1099] | 在馆 | |
| 4 | 1288201 | 212882013 | 第一样本阅览室/ [索取号:G40-092.441/1099] | 在馆 | |
| 5 | 1288202 | 212882022 | 第四借阅区/ [索取号:G40-092.441/1099] | 在馆 | |
| 6 | 1288203 | 212882031 | 第四借阅区/ [索取号:G40-092.441/1099] | 在馆 | |
| 7 | 1288204 | 212882040 | 第四借阅区/ [索取号:G40-092.441/1099] | 在馆 |